000 00528nam a2200181 4500
001 124192
003 ES-MaACL
005 20230906192337.0
007 t|
008 070214s1964 sp r ||||1| spa d
100 1 _aReddaway, W. F.
_995786
245 1 0 _aFederico el Grande /
_cW. F. Reddaway ; versión española de Enrique de Juan.
250 _a1ª ed.
260 _aBarcelona :
_bPlaneta,
_c1964.
300 _a332 p., 16 lám. ;
_c22 cm.
700 1 _aJuan, Enrique de.
_967090
852 _aES-MaACL
_jC-25893
_bR.54565
999 _c124192
_d124192